[Event "Team men HL 2016"]
[Site "Sochi"]
[Date "2016.05.10"]
[Round "9.12"]
[White "Maletin, Pavel"]
[Black "Sergeyev, Alexander"]
[Result "1-0"]
[LiveChessVersion "1.4.4"]
[BlackElo "2388"]
[WhiteElo "2580"]

1. Nf3 {[%clk 1:30:57]} d5 {[%clk 1:30:36]} 2. g3 {[%clk 1:31:05]} Nf6
{[%clk 1:30:20]} 3. Bg2 {[%clk 1:31:27]} c6 {[%clk 1:30:47]} 4. c4
{[%clk 1:31:28]} g6 {[%clk 1:24:48]} 5. b3 {[%clk 1:28:42]} Bg7 {[%clk 1:21:39]}
6. Bb2 {[%clk 1:29:02]} O-O {[%clk 1:20:59]} 7. O-O {[%clk 1:29:10]} a5
{[%clk 1:20:54]} 8. d3 {[%clk 1:28:45]} Na6 {[%clk 1:20:51]} 9. Nbd2
{[%clk 1:23:12]} a4 {[%clk 1:17:20]} 10. Bc3 {[%clk 1:15:59]} Nc5
{[%clk 1:05:02]} 11. b4 {[%clk 1:13:39]} Ncd7 {[%clk 1:03:03]} 12. Qc2
{[%clk 1:05:00]} Re8 {[%clk 1:00:10]} 13. e4 {[%clk 0:58:55]} dxc4
{[%clk 0:57:39]} 14. Nxc4 {[%clk 0:55:14]} Qc7 {[%clk 0:54:26]} 15. d4
{[%clk 0:52:56]} b6 {[%clk 0:53:33]} 16. Rfe1 {[%clk 0:50:27]} Ba6
{[%clk 0:51:10]} 17. Ne3 {[%clk 0:49:33]} Bb5 {[%clk 0:50:16]} 18. a3
{[%clk 0:49:03]} e6 {[%clk 0:46:58]} 19. Rac1 {[%clk 0:48:08]} Qa7
{[%clk 0:46:24]} 20. Ba1 {[%clk 0:47:21]} Qa6 {[%clk 0:40:10]} 21. Nc4
{[%clk 0:42:54]} Bh6 {[%clk 0:35:40]} 22. Nd6 {[%clk 0:42:24]} Bd3
{[%clk 0:35:13]} 23. Qxc6 {[%clk 0:40:09]} Bxc1 {[%clk 0:28:59]} 24. Qxc1
{[%clk 0:36:01]} Re7 {[%clk 0:16:46]} 25. Qh6 {[%clk 0:25:12]} b5
{[%clk 0:16:21]} 26. e5 {[%clk 0:19:41]} Nd5 {[%clk 0:15:40]} 27. Ng5
{[%clk 0:19:18]} Nf8 {[%clk 0:15:59]} 28. Rd1 {[%clk 0:15:00]} Bc2
{[%clk 0:12:24]} 29. Rc1 {[%clk 0:14:53]} Bd3 {[%clk 0:12:44]} 30. Bf1
{[%clk 0:08:42]} Bxf1 {[%clk 0:11:16]} 31. Nde4 {[%clk 0:08:57]} f5
{[%clk 0:10:36]} 32. exf6 {[%clk 0:09:13]} Rea7 {[%clk 0:10:15]} 33. f7+
{[%clk 0:05:56]} Rxf7 {[%clk 0:08:35]} 34. Nxf7 {[%clk 0:06:20]} Bc4
{[%clk 0:08:07]} 35. Ne5 {[%clk 0:06:17]} Ra7 {[%clk 0:06:52]} 36. Qg5
{[%clk 0:05:11]} Rc7 {[%clk 0:06:29]} 37. Nf6+ {[%clk 0:04:29]} Kh8
{[%clk 0:04:47]} 38. Ne8 {[%clk 0:01:05]} Re7 {[%clk 0:04:08]} 39. Qxe7
{[%clk 0:00:39]} Nxe7 {[%clk 0:03:50]} 40. Nf7+ {[%clk 0:31:06]} Kg8
{[%clk 0:34:11]} 41. Nh6+ {[%clk 0:31:33]} 1-0

[Event "Team men HL 2016"]
[Site "Sochi"]
[Date "2016.05.10"]
[Round "9.13"]
[White "Demidov, Mikhail"]
[Black "Chekhov, Sergei"]
[Result "1/2-1/2"]
[LiveChessVersion "1.4.4"]
[BlackElo "2465"]
[WhiteElo "2506"]

1. Nf3 {[%clk 1:30:56]} c5 {[%clk 1:28:39]} 2. g3 {[%clk 1:30:58]} b6
{[%clk 1:28:47]} 3. Bg2 {[%clk 1:31:21]} Bb7 {[%clk 1:29:13]} 4. c4
{[%clk 1:31:44]} e6 {[%clk 1:29:31]} 5. O-O {[%clk 1:32:04]} Nf6 {[%clk 1:29:56]}
6. Nc3 {[%clk 1:32:29]} Be7 {[%clk 1:29:34]} 7. d4 {[%clk 1:30:38]} cxd4
{[%clk 1:29:51]} 8. Qxd4 {[%clk 1:31:03]} d6 {[%clk 1:30:03]} 9. Bg5
{[%clk 1:31:02]} a6 {[%clk 1:20:36]} 10. Bxf6 {[%clk 1:26:18]} Bxf6
{[%clk 1:21:00]} 11. Qd3 {[%clk 1:26:45]} Be7 {[%clk 1:19:11]} 12. Nd4
{[%clk 1:22:58]} Bxg2 {[%clk 1:14:46]} 13. Kxg2 {[%clk 1:22:26]} Qc8
{[%clk 1:14:17]} 14. f4 {[%clk 1:12:42]} Nc6 {[%clk 1:11:32]} 15. Rad1
{[%clk 1:07:25]} O-O {[%clk 1:09:53]} 16. Rf3 {[%clk 1:02:51]} Nxd4
{[%clk 0:53:56]} 17. Qxd4 {[%clk 1:03:11]} b5 {[%clk 0:44:47]} 18. cxb5
{[%clk 0:44:47]} axb5 {[%clk 0:44:37]} 19. Nxb5 {[%clk 0:37:17]} Rxa2
{[%clk 0:44:09]} 20. Nxd6 {[%clk 0:36:49]} Bxd6 {[%clk 0:38:46]} 21. Qxd6
{[%clk 0:36:59]} Rxb2 {[%clk 0:39:09]} 22. Kf2 {[%clk 0:36:12]} Qb8
{[%clk 0:35:42]} 23. Ra3 {[%clk 0:34:03]} h5 {[%clk 0:33:24]} 24. Qxb8
{[%clk 0:30:27]} Rfxb8 {[%clk 0:31:33]} 25. Rad3 {[%clk 0:30:50]} g6
{[%clk 0:31:38]} 26. Rd8+ {[%clk 0:31:08]} Rxd8 {[%clk 0:32:00]} 27. Rxd8+
{[%clk 0:31:34]} Kg7 {[%clk 0:32:27]} 28. Ra8 {[%clk 0:31:53]} Rc2
{[%clk 0:32:35]} 29. Ra7 {[%clk 0:32:11]} Rb2 {[%clk 0:32:49]} 30. Rc7
{[%clk 0:32:19]} Ra2 {[%clk 0:32:39]} 31. Rd7 {[%clk 0:32:33]} Rb2
{[%clk 0:32:58]} 32. Ra7 {[%clk 0:32:58]} Rc2 {[%clk 0:33:04]} 33. Ra5
{[%clk 0:33:14]} Rb2 {[%clk 0:31:45]} 34. Rc5 {[%clk 0:32:36]} Ra2
{[%clk 0:32:05]} 35. Rb5 {[%clk 0:33:02]} Rc2 {[%clk 0:32:20]} 36. Ra5
{[%clk 0:33:29]} Rb2 {[%clk 0:32:38]} 37. Ra3 {[%clk 0:33:54]} Rc2
{[%clk 0:32:56]} 38. Rb3 {[%clk 0:34:20]} Ra2 {[%clk 0:33:14]} 39. Rc3
{[%clk 0:34:48]} Rb2 {[%clk 0:33:34]} 40. Rd3 {[%clk 1:05:14]} Ra2
{[%clk 1:03:06]} 1/2-1/2

[Event "Team men HL 2016"]
[Site "Sochi"]
[Date "2016.05.10"]
[Round "9.14"]
[White "Zhurikhin, Alexander"]
[Black "Utnasunov, Alexander"]
[Result "0-1"]
[LiveChessVersion "1.4.4"]
[BlackElo "2423"]
[WhiteElo "2334"]

1. e4 {[%clk 1:30:57]} c5 {[%clk 1:30:53]} 2. Nf3 {[%clk 1:31:20]} d6
{[%clk 1:31:10]} 3. c3 {[%clk 1:31:40]} Nf6 {[%clk 1:31:22]} 4. Be2
{[%clk 1:32:02]} Bd7 {[%clk 1:30:18]} 5. d3 {[%clk 1:32:20]} Bc6 {[%clk 1:29:59]}
6. O-O {[%clk 1:31:33]} Nbd7 {[%clk 1:29:54]} 7. Nbd2 {[%clk 1:30:55]} e6
{[%clk 1:29:53]} 8. Re1 {[%clk 1:21:54]} Be7 {[%clk 1:29:48]} 9. Bf1
{[%clk 1:22:14]} Ne5 {[%clk 1:29:39]} 10. Ng5 {[%clk 1:14:57]} h6
{[%clk 1:22:45]} 11. Nh3 {[%clk 1:14:49]} Ng6 {[%clk 1:20:45]} 12. d4
{[%clk 0:59:41]} cxd4 {[%clk 1:18:42]} 13. cxd4 {[%clk 1:00:07]} e5
{[%clk 1:14:43]} 14. f3 {[%clk 0:53:19]} O-O {[%clk 1:07:16]} 15. Nf2
{[%clk 0:50:33]} d5 {[%clk 0:58:37]} 16. dxe5 {[%clk 0:44:41]} Nxe5
{[%clk 0:53:39]} 17. f4 {[%clk 0:45:04]} Ng6 {[%clk 0:52:13]} 18. e5
{[%clk 0:45:24]} Ne4 {[%clk 0:36:35]} 19. Ndxe4 {[%clk 0:34:48]} dxe4
{[%clk 0:36:20]} 20. g3 {[%clk 0:25:07]} Bb4 {[%clk 0:32:03]} 21. Re2
{[%clk 0:19:05]} Qa5 {[%clk 0:27:44]} 22. Nxe4 {[%clk 0:12:33]} Rfd8
{[%clk 0:21:00]} 23. Nd6 {[%clk 0:12:58]} f6 {[%clk 0:20:08]} 24. Qc2
{[%clk 0:08:45]} fxe5 {[%clk 0:16:07]} 25. Nc4 {[%clk 0:09:02]} Qd5
{[%clk 0:13:20]} 26. Rg2 {[%clk 0:07:09]} exf4 {[%clk 0:12:30]} 27. Qxg6
{[%clk 0:04:57]} Bc5+ {[%clk 0:12:45]} 0-1

[Event "Team men HL 2016"]
[Site "Sochi"]
[Date "2016.05.10"]
[Round "9.15"]
[White "Geivondian, Arman"]
[Black "Aminov, Andrey"]
[Result "1-0"]
[LiveChessVersion "1.4.4"]
[BlackElo "2324"]
[WhiteElo "2405"]

1. d4 {[%clk 1:30:57]} Nf6 {[%clk 1:30:51]} 2. c4 {[%clk 1:31:19]} g6
{[%clk 1:31:15]} 3. Nc3 {[%clk 1:31:42]} Bg7 {[%clk 1:31:38]} 4. e4
{[%clk 1:32:06]} d6 {[%clk 1:32:02]} 5. f3 {[%clk 1:32:29]} O-O {[%clk 1:32:24]}
6. Nge2 {[%clk 1:32:32]} Nc6 {[%clk 1:32:33]} 7. Be3 {[%clk 1:32:27]} a6
{[%clk 1:32:55]} 8. Rb1 {[%clk 1:32:03]} Rb8 {[%clk 1:31:35]} 9. b4
{[%clk 1:31:10]} e5 {[%clk 1:05:28]} 10. d5 {[%clk 1:31:34]} Ne7 {[%clk 1:05:57]}
11. g4 {[%clk 1:31:44]} c6 {[%clk 1:03:38]} 12. Ng3 {[%clk 1:13:28]} Ne8
{[%clk 0:39:45]} 13. a4 {[%clk 0:45:47]} f5 {[%clk 0:25:02]} 14. a5
{[%clk 0:39:04]} c5 {[%clk 0:17:53]} 15. Bg1 {[%clk 0:22:26]} b5 {[%clk 0:06:49]}
16. cxb5 {[%clk 0:10:25]} cxb4 {[%clk 0:06:47]} 17. bxa6 {[%clk 0:10:17]} Qc7
{[%clk 0:02:11]} 18. Nb5 {[%clk 0:08:35]} Qxa5 {[%clk 0:02:31]} 19. Ra1
{[%clk 0:08:05]} Qd8 {[%clk 0:03:00]} 20. a7 {[%clk 0:05:14]} Ra8
{[%clk 0:03:29]} 21. Bd3 {[%clk 0:03:14]} Bd7 {[%clk 0:03:20]} 22. g5
{[%clk 0:02:06]} Nc8 {[%clk 0:03:21]} 23. h4 {[%clk 0:02:20]} h6 {[%clk 0:03:31]}
24. gxh6 {[%clk 0:02:10]} Bxh6 {[%clk 0:03:59]} 25. Ra2 {[%clk 0:01:19]} f4
{[%clk 0:02:58]} 26. Nf1 {[%clk 0:01:34]} Rf7 {[%clk 0:03:03]} 27. Qb3
{[%clk 0:00:41]} Nc7 {[%clk 0:01:13]} 28. Qxb4 {[%clk 0:00:43]} Nxb5
{[%clk 0:00:43]} 29. Bxb5 {[%clk 0:01:12]} Bxb5 {[%clk 0:00:45]} 30. Qxb5
{[%clk 0:01:41]} Nxa7 {[%clk 0:00:44]} 31. Qa4 {[%clk 0:01:54]} Rb8
{[%clk 0:00:42]} 32. Bxa7 Ra8 33. Rhh2 {[%clk 0:00:44]} Qe7 {[%clk 0:00:52]} 34.
h5 {[%clk 0:00:34]} Rxa7 {[%clk 0:00:56]} 35. Qxa7 {[%clk 0:00:36]} Qxa7
{[%clk 0:01:25]} 36. hxg6 {[%clk 0:00:35]} Qb6 {[%clk 0:01:00]} 37. gxf7+
{[%clk 0:01:03]} Kxf7 {[%clk 0:01:17]} 38. Rhb2 {[%clk 0:01:00]} Qc5
{[%clk 0:01:02]} 39. Rb7+ {[%clk 0:01:06]} Kg6 {[%clk 0:01:09]} 40. Rg2+
{[%clk 0:31:06]} Kf6 {[%clk 0:31:28]} 41. Nd2 {[%clk 0:23:49]} Qc8
{[%clk 0:28:36]} 42. Rh7 {[%clk 0:20:42]} Qc1+ {[%clk 0:27:21]} 43. Ke2
{[%clk 0:21:07]} Bf8 {[%clk 0:27:43]} 44. Rg8 {[%clk 0:14:33]} Be7
{[%clk 0:26:53]} 45. Rg2 {[%clk 0:14:50]} Bf8 {[%clk 0:25:25]} 46. Rg8
{[%clk 0:14:27]} Be7 {[%clk 0:25:54]} 47. Rg4 {[%clk 0:14:51]} Bf8
{[%clk 0:25:45]} 48. Rh8 {[%clk 0:15:19]} Be7 {[%clk 0:23:33]} 49. Rhg8
{[%clk 0:15:40]} Kf7 {[%clk 0:23:55]} 50. R4g7+ {[%clk 0:16:05]} Kf6
{[%clk 0:24:14]} 51. Rg1 {[%clk 0:16:23]} Qc5 {[%clk 0:24:12]} 52. R8g7
{[%clk 0:15:41]} Qb5+ {[%clk 0:24:40]} 53. Ke1 {[%clk 0:14:52]} Qe8
{[%clk 0:24:58]} 54. R1g5 {[%clk 0:12:08]} Bd8 {[%clk 0:24:22]} 55. Nc4
{[%clk 0:12:19]} Bc7 {[%clk 0:22:47]} 56. Kf2 {[%clk 0:12:31]} Bb8
{[%clk 0:22:54]} 57. Kf1 {[%clk 0:12:54]} Bc7 {[%clk 0:22:52]} 58. Kg2
{[%clk 0:13:19]} 1-0

[Event "Team men HL 2016"]
[Site "Sochi"]
[Date "2016.05.10"]
[Round "9.16"]
[White "Popov, Kirill"]
[Black "Vastrukhin, Oleg"]
[Result "1-0"]
[LiveChessVersion "1.4.4"]
[BlackElo "2401"]
[WhiteElo "2286"]

1. e4 {[%clk 1:30:58]} e6 {[%clk 1:28:59]} 2. d4 {[%clk 1:31:21]} d5
{[%clk 1:28:57]} 3. Nc3 {[%clk 1:31:45]} Be7 {[%clk 1:29:11]} 4. e5
{[%clk 1:32:09]} c5 {[%clk 1:28:29]} 5. Qg4 {[%clk 1:31:48]} g6 {[%clk 1:26:49]}
6. Nf3 {[%clk 1:30:16]} cxd4 {[%clk 1:24:53]} 7. Nxd4 {[%clk 1:29:26]} Nc6
{[%clk 1:25:15]} 8. Nxc6 {[%clk 1:23:46]} bxc6 {[%clk 1:25:39]} 9. Bd3
{[%clk 1:22:44]} f6 {[%clk 1:21:00]} 10. Qh3 {[%clk 1:13:35]} Kf7
{[%clk 1:16:36]} 11. Qf3 {[%clk 1:05:55]} Kg7 {[%clk 1:15:58]} 12. Bf4
{[%clk 0:59:50]} fxe5 {[%clk 1:12:11]} 13. Bxe5+ {[%clk 1:00:18]} Bf6
{[%clk 1:12:35]} 14. Qe2 {[%clk 0:58:37]} Nh6 {[%clk 1:12:06]} 15. O-O
{[%clk 0:56:41]} Nf7 {[%clk 1:09:50]} 16. Bxf6+ {[%clk 0:55:58]} Qxf6
{[%clk 1:10:16]} 17. f4 {[%clk 0:55:35]} Rb8 {[%clk 1:05:39]} 18. Nd1
{[%clk 0:54:00]} Re8 {[%clk 1:02:20]} 19. f5 {[%clk 0:46:20]} gxf5
{[%clk 0:56:35]} 20. Bxf5 {[%clk 0:44:24]} Qh4 {[%clk 0:46:21]} 21. c3
{[%clk 0:39:36]} Bd7 {[%clk 0:35:20]} 22. Bg4 {[%clk 0:35:29]} Rf8
{[%clk 0:30:35]} 23. Nf2 {[%clk 0:29:56]} Nh6 {[%clk 0:18:44]} 24. Bxe6
{[%clk 0:23:05]} Rbe8 {[%clk 0:17:55]} 25. Qe5+ {[%clk 0:22:54]} Kg6
{[%clk 0:15:09]} 26. g3 {[%clk 0:17:42]} Qe7 {[%clk 0:15:21]} 27. h4
{[%clk 0:16:26]} Qxe6 {[%clk 0:15:47]} 28. Qg5+ {[%clk 0:16:21]} Kf7
{[%clk 0:15:32]} 29. Ng4+ {[%clk 0:16:03]} Nf5 {[%clk 0:14:15]} 30. Nh6+
{[%clk 0:16:18]} Qxh6 {[%clk 0:14:36]} 31. Qxh6 {[%clk 0:16:46]} Rg8
{[%clk 0:15:01]} 32. Qxh7+ {[%clk 0:16:22]} Kf6 {[%clk 0:15:30]} 33. Qh6+
{[%clk 0:14:57]} Rg6 {[%clk 0:15:37]} 34. Qf4 {[%clk 0:14:48]} Re4
{[%clk 0:13:35]} 35. Qd6+ {[%clk 0:14:36]} Be6 {[%clk 0:13:32]} 36. Rae1
{[%clk 0:12:38]} Rxe1 {[%clk 0:08:15]} 37. Qf8+ {[%clk 0:12:09]} Bf7
{[%clk 0:08:41]} 38. Qh8+ {[%clk 0:10:46]} Rg7 {[%clk 0:08:36]} 39. Rxe1
{[%clk 0:11:03]} Nxg3 {[%clk 0:09:01]} 40. Kh2 {[%clk 0:40:55]} 1-0

[Event "Team men HL chess 2016"]
[Site "Sochi"]
[Date "2016.05.10"]
[Round "9.5"]
[White "Nikolenko, Oleg"]
[Black "Tekeyev, Zaur"]
[Result "1-0"]
[WhiteElo "2505"]
[BlackElo "2350"]
[PlyCount "111"]
[EventDate "2016.05.01"]

1. g3 e5 2. Bg2 Nf6 3. c4 c6 4. d4 Bb4+ 5. Bd2 Bxd2+ 6. Qxd2 d6 7. Nc3 O-O 8.
e3 Be6 9. b3 Qc8 10. Rc1 exd4 11. Qxd4 Rd8 12. Nge2 Bh3 13. O-O Bxg2 14. Kxg2
Na6 15. Rfd1 Qf5 16. h3 Nc5 17. g4 Qe5 18. f4 Qe7 19. Ng3 Ne6 20. Qd3 Nc5 21.
Nf5 Nxd3 22. Nxe7+ Kf8 23. Rxd3 Kxe7 24. Rcd1 a6 25. g5 Ne8 26. Kf3 b5 27. Ne2
Kd7 28. e4 Kc7 29. Rc1 b4 30. f5 a5 31. Rcd1 a4 32. Nf4 g6 33. f6 axb3 34. axb3
Ra5 35. h4 Rda8 36. Kg4 Re5 37. Re3 Rb8 38. Ra1 c5 39. Ree1 Kb7 40. Nd3 Re6 41.
e5 Kb6 42. Rad1 Kc6 43. exd6 Rxe1 44. Rxe1 h5+ 45. Kf4 Nxd6 46. Re7 Rb7 47.
Rxb7 Kxb7 48. Nxc5+ Kc7 49. Nd3 Kd7 50. Nxb4 Nf5 51. Nd5 Kd6 52. b4 Ke6 53. Ne3
Nxh4 54. b5 Kd6 55. b6 Kc6 56. c5 1-0

[Event "Team men HL chess 2016"]
[Site "Sochi"]
[Date "2016.05.10"]
[Round "9.5"]
[White "Bykov, Egor"]
[Black "Ulko, Jaroslav"]
[Result "0-1"]
[WhiteElo "2330"]
[BlackElo "2441"]
[PlyCount "120"]
[EventDate "2016.05.01"]

1. d4 Nf6 2. Nf3 e6 3. Bf4 c5 4. e3 Nc6 5. Nbd2 d5 6. c3 Bd6 7. Bg3 O-O 8. Bd3
Re8 9. Ne5 a6 10. f4 Ne7 11. Bf2 Ng6 12. Qf3 cxd4 13. exd4 b5 14. a3 Bb7 15.
O-O Rc8 16. g4 Rc7 17. Rae1 Nd7 18. Nxd7 Rxd7 19. Bg3 Nf8 20. Qe3 f6 21. Nf3
Qc7 22. Rf2 Rdd8 23. Qd2 Bc8 24. Kg2 h6 25. Rfe2 Qf7 26. Qc2 Re7 27. g5 hxg5
28. fxg5 Qh5 29. Rf2 e5 30. dxe5 Bc5 31. gxf6 gxf6 32. Nd4 fxe5 33. Nc6 Bh3+
34. Kh1 Rf7 35. Rxf7 Qxf7 36. Nxe5 Qb7 37. Qd2 Qg7 38. Qf4 Rd6 39. Qf3 Ne6 40.
Bf2 Ng5 41. Qg3 Bxf2 42. Qxf2 d4 43. Qg3 dxc3 44. Rg1 Qb7+ 45. Nf3 Kf7 46. Qf4+
Rf6 47. Bg6+ Ke7 48. Qb4+ Kd8 49. Qd4+ Ke7 50. Re1+ Be6 51. Qc5+ Kd8 52. Qd4+
Ke7 53. Qc5+ Kd8 54. Qd4+ Ke7 55. Qb4+ Kd8 56. Qa5+ Ke7 57. Qb4+ Kd8 58. Rd1+
Bd7 59. Qa5+ Rb6 60. Rd3 cxb2 0-1

[Event "Team men HL chess 2016"]
[Site "Sochi"]
[Date "2016.05.10"]
[Round "9.5"]
[White "Saulin, Dmitri"]
[Black "Nechaev, Oleg"]
[Result "1/2-1/2"]
[WhiteElo "2390"]
[BlackElo "2343"]
[PlyCount "139"]
[EventDate "2016.05.01"]

1. e4 c5 2. Nf3 Nc6 3. Bb5 g6 4. O-O Bg7 5. c3 Nf6 6. e5 Nd5 7. d4 cxd4 8. cxd4
O-O 9. Nc3 Nc7 10. Bf4 Nxb5 11. Nxb5 a6 12. Nc3 d6 13. exd6 Bg4 14. dxe7 Qxe7
15. d5 Nd4 16. Be3 Nxf3+ 17. gxf3 Bh3 18. Re1 Qh4 19. f4 Rfe8 20. Qf3 Bg4 21.
Qg3 Qh5 22. Bd2 Bf6 23. Ne4 Bh4 24. Qd3 Bf3 25. Ng3 Qxd5 26. Qxd5 Bxd5 27. Re5
Rxe5 28. fxe5 Rc8 29. Bc3 Rc4 30. Rd1 Be6 31. a3 Bg5 32. f3 Be3+ 33. Kg2 Rh4
34. Ne4 Bf4 35. Nf6+ Kg7 36. Ng4 h5 37. Be1 hxg4 38. Bxh4 gxf3+ 39. Kxf3 Bxe5
40. Rd2 a5 41. Bf2 a4 42. Bd4 Kf6 43. h4 b5 44. Ke4 Bxd4 45. Rxd4 g5 46. hxg5+
Kxg5 47. Ke5 Bc4 48. Rf4 Be6 49. Rf6 Bc4 50. Rf5+ Kg6 51. Rf3 Kg7 52. Rf2 Be6
53. Rg2+ Kf8 54. Kf6 Ke8 55. Rd2 Bc4 56. Rd6 Bf1 57. Rd5 Bc4 58. Rd4 Bb3 59.
Rd3 Bc4 60. Rd6 Bf1 61. Rb6 Bd3 62. Rb7 Bc4 63. Ke5 Kf8 64. Kd4 Kg7 65. Rb6 Kf8
66. Kc3 Ke7 67. b4 axb3 68. a4 b2 69. Kxb2 bxa4 70. Kc3 1/2-1/2

[Event "Team men HL chess 2016"]
[Site "Sochi"]
[Date "2016.05.10"]
[Round "9.5"]
[White "Rozhko, Dmitry"]
[Black "Benza, Artem"]
[Result "1/2-1/2"]
[WhiteElo "2298"]
[BlackElo "2334"]
[PlyCount "179"]
[EventDate "2016.05.01"]

1. d4 d6 2. g3 g6 3. Bg2 Bg7 4. Nf3 Nf6 5. O-O O-O 6. a4 a5 7. Re1 c6 8. Nbd2
Qc7 9. e4 Nbd7 10. c3 e5 11. Qb3 b6 12. Bf1 Bb7 13. dxe5 dxe5 14. Nc4 Ba6 15.
Bg5 h6 16. Bxf6 Bxf6 17. Rad1 Bxc4 18. Bxc4 Nc5 19. Qc2 Kg7 20. b4 Nb7 21. Rb1
Nd6 22. Bf1 Rfc8 23. Red1 b5 24. axb5 cxb5 25. bxa5 Rxa5 26. Rb3 Nc4 27. Rd5
Qa7 28. Bxc4 bxc4 29. Rbb5 Ra2 30. Rb2 Rxb2 31. Qxb2 Rb8 32. Qd2 Qa1+ 33. Kg2
Rb3 34. Nxe5 Bxe5 35. Rxe5 Qxc3 36. Qxc3 Rxc3 37. Rc5 h5 38. e5 Kf8 39. Rc7 Kg8
40. Kh3 Rf3 41. Kg2 Rc3 42. Kf1 Rc2 43. Rc8+ Kg7 44. h4 Rc1+ 45. Ke2 Rc2+ 46.
Ke3 Rc3+ 47. Kf4 Rc2 48. f3 Rc3 49. Rc6 Kg8 50. Rc7 Kf8 51. Ke4 Kg8 52. Rc8+
Kg7 53. Kf4 Kh7 54. Rc7 Kg8 55. g4 hxg4 56. Kxg4 Re3 57. Kf4 Rc3 58. Rc5 Kf8
59. Rc7 Kg8 60. Kg4 Re3 61. Rc8+ Kg7 62. Rc5 Kf8 63. f4 c3 64. Rc7 Kg7 65. h5
gxh5+ 66. Kxh5 Rg3 67. Kh4 Re3 68. Kg5 Rg3+ 69. Kf5 Re3 70. Rc8 Rg3 71. Ke4 Rg1
72. Rxc3 Re1+ 73. Kf5 Rg1 74. Rh3 Rg2 75. Rh5 Ra2 76. Rg5+ Kf8 77. Rg1 Rb2 78.
Kg5 Rb6 79. f5 f6+ 80. Kg6 fxe5+ 81. f6 Rb2 82. Ra1 Rg2+ 83. Kf5 Rb2 84. Ra8+
Kf7 85. Ra7+ Kf8 86. Ra6 e4 87. Ke6 Rb8 88. Ra7 Rb6+ 89. Kf5 Rb1 90. Ra8+
1/2-1/2

[Event "Team men HL chess 2016"]
[Site "Sochi"]
[Date "2016.05.10"]
[Round "9.6"]
[White "Gabrielian, Artur"]
[Black "Sek, Konstantin"]
[Result "1-0"]
[WhiteElo "2520"]
[BlackElo "2450"]
[PlyCount "62"]
[EventDate "2016.05.01"]

1. d4 Nf6 2. g3 c5 3. Nf3 cxd4 4. Nxd4 e5 5. Nb3 d5 6. Bg2 Be6 7. O-O h6 8. Nc3
Nc6 9. f4 exf4 10. Bxf4 Qb6+ 11. Kh1 d4 12. Ne4 Nd5 13. c3 f5 14. Ned2 Nxf4 15.
Rxf4 dxc3 16. bxc3 g5 17. Nd4 Nxd4 18. Rxd4 Qc7 19. Rb1 Rb8 20. Qa4+ Kf7 21.
Bd5 Bg7 22. Bxe6+ Kxe6 23. Qb3+ Ke7 24. Qa3+ Ke6 25. Rc4 Qd6 26. Qxa7 Ra8 27.
Qe3+ Kf7 28. Rxb7+ Kg8 29. Rcc7 Be5 30. Rd7 Qe6 31. Qf3 Bf6 1-0

[Event "Team men HL chess 2016"]
[Site "Sochi"]
[Date "2016.05.10"]
[Round "9.6"]
[White "Sin, Denis"]
[Black "Yandarbiev, Ruslan"]
[Result "0-1"]
[WhiteElo "2312"]
[BlackElo "2353"]
[PlyCount "120"]
[EventDate "2016.05.01"]

1. d4 Nf6 2. c4 g6 3. f3 Bg7 4. e4 d6 5. Nc3 O-O 6. Be3 c5 7. d5 e6 8. Nge2
exd5 9. cxd5 a6 10. a4 Re8 11. Ng3 h5 12. Be2 Nbd7 13. O-O h4 14. Nh1 Nh7 15.
Nf2 Rb8 16. Qd2 f5 17. Rab1 Ne5 18. b4 cxb4 19. Rxb4 Bd7 20. Rfb1 Qc7 21. f4
Nf7 22. Rc4 Qd8 23. Bb6 Qe7 24. a5 Rbc8 25. Bd4 Rxc4 26. Bxc4 Bc8 27. Be2 Nf6
28. Bf3 Bh6 29. Be3 h3 30. g3 fxe4 31. Ncxe4 Nxe4 32. Bxe4 g5 33. Re1 gxf4 34.
Bxf4 Ne5 35. Nd3 Bxf4 36. Qxf4 Qg7 37. Nxe5 Rxe5 38. Rf1 Qe7 39. Bg6 Re2 40.
Kh1 Kg7 41. Bd3 Re3 42. Bc2 Re1 43. Bd3 Re3 44. Bc2 Re1 45. Bd3 Rxf1+ 46. Bxf1
Qf6 47. Qxf6+ Kxf6 48. Be2 Ke5 49. Bf3 Kd4 50. Kg1 Kc5 51. g4 Kb4 52. g5 Bf5
53. Bh5 Kxa5 54. g6 Be4 55. g7 Bxd5 56. Bf3 Bg8 57. Bxb7 Kb5 58. Bc8 a5 59.
Bxh3 a4 60. Bd7+ Kb4 0-1

[Event "Team men HL chess 2016"]
[Site "Sochi"]
[Date "2016.05.10"]
[Round "9.6"]
[White "Kozak, Alexander"]
[Black "Khokhlova, Daria"]
[Result "1-0"]
[WhiteElo "2280"]
[BlackElo "2204"]
[PlyCount "71"]
[EventDate "2016.05.01"]

1. e4 e6 2. d4 d5 3. e5 c5 4. c3 Nc6 5. Nf3 Nge7 6. h4 Bd7 7. h5 cxd4 8. cxd4
h6 9. Nc3 Qb6 10. Na4 Qc7 11. Bd2 Rc8 12. Rc1 Qb8 13. g4 Rc7 14. b4 Nxd4 15.
Nxd4 Rxc1 16. Bxc1 Qxe5+ 17. Be2 Nc6 18. Nxc6 Bxc6 19. a3 a5 20. Nc5 Bxc5 21.
bxc5 d4 22. Rh3 Qxc5 23. Bb2 e5 24. f4 f6 25. Qd3 Qe7 26. Bc1 Kd7 27. fxe5 fxe5
28. Bd2 b6 29. g5 hxg5 30. Rg3 Kc7 31. Rxg5 Rh6 32. Qg3 Rf6 33. Rxg7 Rf7 34.
Rxf7 Qxf7 35. Qxe5+ Kb7 36. Qxd4 1-0

[Event "Team men HL chess 2016"]
[Site "Sochi"]
[Date "2016.05.10"]
[Round "9.7"]
[White "Nozdrachev, Vladislav"]
[Black "Shcherbakov, Ruslan"]
[Result "0-1"]
[WhiteElo "2465"]
[BlackElo "2492"]
[PlyCount "72"]
[EventDate "2016.05.01"]

1. e4 c5 2. Nf3 Nc6 3. Bb5 g6 4. Bxc6 bxc6 5. O-O Bg7 6. Re1 Nh6 7. c3 O-O 8.
d4 cxd4 9. cxd4 d5 10. e5 f6 11. e6 Qd6 12. Qe2 c5 13. dxc5 Qxc5 14. Nbd2 Qb6
15. h3 Nf5 16. Nb3 d4 17. Bd2 Ba6 18. Qe4 d3 19. Bc3 Ng3 20. Qh4 Ne2+ 21. Kh1
Rac8 22. Qb4 Nxc3 23. bxc3 Qxb4 24. cxb4 f5 25. Ne5 Rc2 26. Rad1 Rd8 27. f4
Rxa2 28. Nc5 Bxe5 29. Rxe5 Bc4 30. Kg1 Rb2 31. g4 fxg4 32. hxg4 Rd4 33. Ne4 Bb3
34. Rd2 Rxe4 35. Rxb2 Rxe5 36. fxe5 Bc2 0-1

[Event "Team men HL chess 2016"]
[Site "Sochi"]
[Date "2016.05.10"]
[Round "9.7"]
[White "Scherbakov, Mikhail"]
[Black "Moskalenko, Alexander"]
[Result "0-1"]
[WhiteElo "2139"]
[BlackElo "2464"]
[PlyCount "52"]
[EventDate "2016.05.01"]

1. e4 c6 2. d4 d5 3. Nc3 dxe4 4. Nxe4 Nd7 5. Bc4 Ngf6 6. Nxf6+ Nxf6 7. c3 Qc7
8. Qb3 e6 9. Nf3 Bd6 10. O-O Bd7 11. a4 O-O 12. Re1 c5 13. Bg5 Bc6 14. Bxf6
Bxf3 15. Be5 Bxe5 16. Rxe5 cxd4 17. cxd4 Bc6 18. Rd1 Rfd8 19. Rh5 Qf4 20. Qd3
g6 21. Rh3 Bxa4 22. Rf3 Qg4 23. h3 Qh4 24. g3 Qxh3 25. Re1 Bc6 26. d5 Bxd5 0-1

[Event "Team men HL chess 2016"]
[Site "Sochi"]
[Date "2016.05.10"]
[Round "9.7"]
[White "Sarana, Alexey"]
[Black "Smorchkov, Danil"]
[Result "1-0"]
[WhiteElo "2422"]
[BlackElo "2017"]
[PlyCount "87"]
[EventDate "2016.05.01"]

1. d4 Nf6 2. Bf4 e6 3. e3 c5 4. c3 Qb6 5. Qb3 Nc6 6. Nf3 d5 7. h3 Be7 8. Nbd2
Bd7 9. Be2 O-O 10. O-O Rfc8 11. Rfe1 Na5 12. Qc2 Bb5 13. dxc5 Qxc5 14. b4 Qxb4
15. cxb4 Rxc2 16. bxa5 Bxe2 17. Rxe2 Bb4 18. Kf1 Rac8 19. a3 Bxa5 20. Nb3 Rxe2
21. Kxe2 Bd8 22. Nfd2 Be7 23. Be5 Nd7 24. Bb2 Rc2 25. Rb1 b5 26. Nd4 Rc5 27.
N2b3 Rc8 28. Nxb5 Rb8 29. N5d4 Kf8 30. Nc6 Rxb3 31. Bxg7+ Kxg7 32. Rxb3 Nc5 33.
Rb8 Bd6 34. Ra8 a6 35. Nb4 d4 36. exd4 Nb3 37. Nc2 a5 38. Kd3 Nc1+ 39. Kc4 Bc7
40. g3 Ne2 41. Rc8 Bb6 42. Kb5 Bxd4 43. Nxd4 Nxd4+ 44. Kxa5 1-0

[Event "Team men HL chess 2016"]
[Site "Sochi"]
[Date "2016.05.10"]
[Round "9.7"]
[White "Lushnikov, Sergey"]
[Black "Chernobay, Artem"]
[Result "1/2-1/2"]
[WhiteElo "1953"]
[BlackElo "2503"]
[PlyCount "103"]
[EventDate "2016.05.01"]

1. e4 g6 2. d4 Nf6 3. e5 Nh5 4. Nf3 d6 5. Bc4 d5 6. Bd3 c5 7. dxc5 Nc6 8. Nc3
d4 9. Nb5 Bg7 10. Nbxd4 Nxd4 11. Nxd4 Bxe5 12. Nf3 Bg7 13. Bb5+ Bd7 14. Bxd7+
Qxd7 15. Qxd7+ Kxd7 16. c3 Rhc8 17. Be3 Ke8 18. O-O-O Nf6 19. Bd4 Bh6+ 20. Kc2
Nd7 21. b4 f6 22. Rhe1 e5 23. Be3 Bf8 24. Kb3 Rc6 25. Rd5 Rac8 26. Red1 R6c7
27. c4 Be7 28. a4 a5 29. c6 bxc6 30. Rxa5 Rb7 31. b5 Bc5 32. Bxc5 Nxc5+ 33. Kb4
cxb5 34. axb5 e4 35. Ne1 Nd7 36. Ra6 Ke7 37. Rdd6 Rbc7 38. Re6+ Kd8 39. Rxe4
Ne5 40. Rxf6 Rxc4+ 41. Rxc4 Rxc4+ 42. Ka5 Rc1 43. Nf3 Ra1+ 44. Kb4 Ke7 45. Ra6
Rb1+ 46. Ka5 Nc4+ 47. Ka4 Rb2 48. Ra7+ Kd6 49. Rxh7 Nb6+ 50. Ka5 Nd5 51. Ka4
Nb6+ 52. Ka3 1/2-1/2